000 00895cam a2200205 4500500
005 20260315005211.0
041 _afre
042 _adc
100 1 0 _aWirsching, Andreas
_eauthor
700 1 0 _aPerron, Coline
_eauthor
245 0 0 _a1923, occupation de la Ruhr : la faute française ?
260 _c2023.
500 _a77
690 _a« Combat de la Ruhr ». Ensemble des moyens de lutte mis en place par les Allemands contre l’occupation de la Ruhr en 1923-1925 (
690 _aDiktat
690 _aLittéralement « chose dictée ». Terme allemand utilisé pour désigner le traité de Versailles et les clauses imposées par les All
690 _aRuhrkampf
786 0 _nL'Histoire - Les Collections | 100 | 3 | 2023-07-06 | p. 80-89 | 2727-6945
856 4 1 _uhttps://shs.cairn.info/magazine-hist-l-hisoire-les-collections-2023-3-page-80?lang=fr&redirect-ssocas=7080
999 _c1701190
_d1701190